000 00482nam a2200157Ia 4500
999 _c1181
_d1181
003 OSt
005 20200925135330.0
008 190216s9999||||xx |||||||||||||| ||und||
040 _coclc
082 _a595.7
_bPRU/T
100 _aPruthi, Hem Singh
_95014
245 0 _aTextbook On Agricultural Entomology /
_cHem Singh Pruthi
260 _bIndian Council Of Agri Research,
_c1969.
_aNew Delhi:
300 _a977p
942 _cBK
_2ddc
_h595.7
_iPRU/T
_k595.7
_mPRU/T